| 000 | 01352nam a2200241 i 4500 | ||
|---|---|---|---|
| 001 | bg | ||
| 111 | 2 |
_aOgólnopolskie Forum Wymiany Doświadczeń w Dziedzinie Eksploatacji Oczyszczalni Ścieków _n(1 ; _d2002 ; _cWrześnia). |
|
| 245 | 0 | 0 |
_aEksploatatorzy dla Eksploatatorów. Oczyszczalnia ścieków - teoria a rzeczywista eksploatacja : _b5-10 maj 2002 r. Września / _cStowarzyszenie Eksploatatorów Obiektów Gospodarki Wodno-Ściekowej, Przedsiębiorstwo Wodociągów i Kanalizacji we Wrześni. |
| 246 | 1 | _aOgólnopolskie Forum Wymiany Doświadczeń w Dziedzinie Eksploatacji Oczyszczalni Ścieków | |
| 260 |
_aWrześnia : _bStowarzyszenie Eksploatatorów Obiektów Gospodarki Wodno-Ściekowej, _c2002. |
||
| 300 |
_a57 s. : _brys. ; _c24 cm. |
||
| 504 | _aBibliogr. przy ref. | ||
| 650 | 9 |
_aOczyszczalnia ścieków _xeksploatacja |
|
| 655 | _aMateriały konferencyjne | ||
| 710 | 0 | _aStowarzyszenie Eksploatatorów Obiektów Gospodarki Wodno-Ściekowej | |
| 710 | 0 | _aPrzedsiębiorstwo Wodociągów i Kanalizacji (Września) | |
| 040 | _cBPK | ||
| 041 | 0 | _apol | |
| 080 | _a628.32.(061) | ||
| 942 | _cKA | ||
| 008 | s pl f |000 0 pol | ||
| 999 |
_c35188 _d35188 |
||
| 856 |
_uhttp://koha.tu.koszalin.pl/cgi-bin/koha/opac-detail.pl?biblionumber=35188 _yKatalog online BPK |
||